| 000 | 00788cam a2200277 i 4500 | ||
|---|---|---|---|
| 001 | 1792875 | ||
| 003 | OSt | ||
| 005 | 20180621104852.0 | ||
| 008 | 781121s1979 nyua b 001 0 eng | ||
| 010 | _a 78026519 | ||
| 020 |
_a0312541031 : _c$19.95 |
||
| 040 |
_aDLC _cDLC _dDLC |
||
| 050 | 0 | 0 |
_aHB171.5 _b.K68 1979 |
| 082 | 0 | 0 |
_a338.5 _219 |
| 100 | 1 | _aKoutsoyiannis, A. | |
| 245 | 1 | 0 |
_aModern microeconomics / _cA. Koutsoyiannis. |
| 250 | _a2nd ed. | ||
| 260 |
_aNew York : _bSt. Martin's Press, _c1979. |
||
| 300 |
_axvii, 581 p. : _bill. ; _c25 cm. |
||
| 500 | _aContinued by Non-price competition. | ||
| 500 | _aIncludes index. | ||
| 504 | _aBibliography: p. [553]-569. | ||
| 650 | 0 | _aMicroeconomics. | |
| 906 |
_a7 _bcbc _corignew _d1 _eocip _f19 _gy-gencatlg |
||
| 942 |
_2ddc _cBK |
||
| 999 |
_c3159 _d3159 |
||